000
00294nam a22001337a 4500
020
_a
323659856214
041
_a
ENG
100
_a
Chattopadhyay .T.K
245
_a
ATextbook on Pomology Vol 3
260
_a
Delhi
_b
KAlyani PUB
_c
1994
300
_a
277
650
_a
How
856
_u
Agricultural
999
_c
267
_d
267